000 01591nam a22002297a 4500
999 _c59288
_d59288
003 Ge_BSU
005 20221230114524.0
008 221230s2022ge xxu||||| |||| 00| 0 geo d
020 _a9789941333101
041 _ageo
080 _a334.732:631.1 ს-26
100 _aსანიკიძე, ჰამლეტ, ავტორი.
_916650
245 _aსასოფლო-სამეურნეო კოოპერატივების მოდელები და პერსპექტივები საქართველოში, მდგრადი სოფლის განვითარების მთავარი გამოწვევები :
_bმონოგრაფია : /
_cჰამლეტ სანიკიძე, რედ. ბადრი გეჩბაია
264 _aთბილისი :
_bუნივერსალი,
_c2022.
300 _a239 გვ.:
_b23 სმ.
504 _aბიბლიოგრაფია ტექსტის ბოლოს
653 _aსასოფლო-სამეურნეო კოოპერაცია.
653 _aსოფლის მეურნეობის ეკონომიკა.
700 _aგეჩბაია, ბადრი
_eრედაქტორი
_916651
710 _aბათუმის შოთა რუსთაველის სახელმწიფო უნივერსიტეტი ეკონომიკისა და ბიზნესის ფაკულტეტი
_912854
942 _2udc
_cBK